[Event "Polfinal Mistrzostw Polski Kobiet"]
[Site "Karpacz"]
[Date "1899-12-30"]
[Round "4.1"]
[White "Kubicka, Anna"]
[Black "Dwilewicz, Katarzyna"]
[Result "1-0"]
[WhiteTitle "WIM"]
[BlackTitle "WFM"]
[WhiteElo "2284"]
[BlackElo "2112"]

1. e4 e5 2. Nf3 Nc6 3. Nc3 Nf6 4. Bb5 Bd6 5. O-O a6 6. Bxc6 dxc6 7. d4 Nd7 8. dxe5
Nxe5 9. Nxe5 Bxe5 10. Qxd8+ Kxd8 11. Ne2 g6 12. Bf4 Bxf4 13. Nxf4 Ke7 14. Rad1
Be6 15. Nxe6 Kxe6 16. Rd3 Rad8 17. Rfd1 Rd6 18. Kf1 f6 19. Ke2 h5 20. h4 b6 21.
Rg3 Kf7 22. Ra3 a5 23. Rc3 Rxd1 24. Kxd1 c5 25. Rd3 Ke6 26. Ke2 Rg8 27. f4 a4
28. Rg3 Kf7 29. f5 g5 30. hxg5 fxg5 31. e5 Re8 32. Rxg5 Rxe5+ 33. Kf3 h4 34. Rh5
Kg7 35. a3 Re1 36. Rxh4 Kf6 37. g4 Rf1+ 38. Ke4 Re1+ 39. Kd3 Kg5 40. Rh7 Kxg4
41. Rxc7 Kxf5 42. Rc6 Ke5 43. Rxb6 Kd5 44. c4+ Ke5 45. Rc6 Rd1+ 46. Kc2 Rh1 47.
Rxc5+ Kd4 48. Ra5 Rh2+ 49. Kb1 Kxc4 50. Rxa4+ Kb5 51. Rb4+ Ka5 52. Ka2 Rg2 53.
Rc4 Kb5 54. Rd4 Rh2 55. a4+ Ka5 56. Ka3 Rh3+ 57. b3 Kb6 58. Kb4 Rh6 59. a5+ Ka6
60. Ka4 Rg6 61. b4 Rg5 62. b5+ Kb7 63. a6+ Kc7 64. Ka5 Rh5 65. Rc4+ Kb8 66. Kb6
Rh6+ 67. Rc6 Rh7 68. a7+ Rxa7 69. Rc8+ 1-0

[Event "Polfinal Mistrzostw Polski Kobiet"]
[Site "Karpacz"]
[Date "1899-12-30"]
[Round "4.2"]
[White "Kulon, Klaudia"]
[Black "Jarocka, Liwia"]
[Result "0-1"]
[WhiteTitle "IM"]
[BlackTitle "FM"]
[WhiteElo "2321"]
[BlackElo "2169"]

1. d4 d5 2. c4 e6 3. Nc3 Bb4 4. e3 Nf6 5. Bd2 O-O 6. Nf3 b6 7. cxd5 exd5 8. Rc1
c5 9. Bd3 Nc6 10. dxc5 bxc5 11. a3 Ba5 12. Ne2 c4 13. Bb1 Qb6 14. Qc2 Ne7 15.
Ned4 Rb8 16. Bxa5 Qxa5+ 17. Nd2 Ne4 18. Rd1 Bd7 19. b4 cxb3 20. N4xb3 Qxa3 21.
Nxe4 Bf5 22. Qc5 Rxb3 23. Qxa3 Rxa3 24. Nd6 Bxb1 25. Rxb1 Ra6 26. Nb5 Rb8 27.
Ke2 Rab6 28. Nc3 Rxb1 29. Rxb1 Rxb1 30. Nxb1 f6 31. Kd3 Kf7 32. Kd4 Ke6 33. Kc5
Nf5 34. Nc3 Nh4 35. g3 Nf3 36. h4 Nd2 37. Nxd5 Ne4+ 38. Kd4 Nxf2 39. e4 a5 40.
Nf4+ Kf7 41. e5 fxe5+ 42. Kxe5 a4 43. Nd5 Nd3+ 44. Kd4 a3 45. Ne3 a2 46. Nc2 Ne1
47. Na1 Kg6 48. Ke4 Kh5 49. Kf5 Nf3 50. Kf4 Nxh4 0-1

[Event "Polfinal Mistrzostw Polski Kobiet"]
[Site "Karpacz"]
[Date "1899-12-30"]
[Round "4.4"]
[White "Smietanska, Wiktoria"]
[Black "Sliwicka, Alicja"]
[Result "0-1"]
[WhiteTitle "CM"]
[BlackTitle "WIM"]
[WhiteElo "1901"]
[BlackElo "2306"]

1. e4 c5 2. Nf3 Nc6 3. d4 cxd4 4. Nxd4 Nf6 5. Nc3 d6 6. f3 e5 7. Nb3 Be7 8. Be3
Be6 9. Qd2 d5 10. exd5 Nxd5 11. Nxd5 Qxd5 12. Qxd5 Bxd5 13. O-O-O O-O-O 14. c3
f5 15. Bb5 Kc7 16. Rd2 a6 17. Bd3 g6 18. Rhd1 Bf7 19. Kb1 h5 20. Nc5 Rd5 21. b4
Bxc5 22. Bxc5 Rhd8 23. Kc1 R5d7 24. Bb1 Rxd2 25. Rxd2 Bc4 26. a4 b6 27. Be3 Rxd2
28. Kxd2 a5 29. b5 Ne7 30. Bd3 Bb3 31. Bc2 Bc4 32. Bd3 Bb3 33. Bc2 Be6 34. g3
Bd5 35. Bd1 Nc8 36. Be2 Nd6 37. Kc2 Bc4 38. Bd3 Ba2 39. Kb2 Bd5 40. Be2 Bc4 41.
Bd1 Bxb5 42. Bb3 Bxa4 43. Bxb6+ Kxb6 44. Bxa4 Kc5 45. Kc2 g5 46. Bd7 g4 47. f4
exf4 48. gxf4 h4 49. Kd2 g3 50. hxg3 h3 51. Be6 h2 0-1

[Event "Polfinal Mistrzostw Polski Kobiet"]
[Site "Karpacz"]
[Date "1899-12-30"]
[Round "4.5"]
[White "Trybus, Dominika"]
[Black "Siekanska, Maria"]
[Result "0-1"]
[WhiteTitle "I++"]
[BlackTitle "WFM"]
[WhiteElo "1450"]
[BlackElo "2126"]

1. e4 c5 2. Nf3 d6 3. d4 cxd4 4. Qxd4 Nc6 5. Bb5 Bd7 6. Bxc6 Bxc6 7. Nc3 Nf6 8.
Bg5 e6 9. O-O Be7 10. Rad1 O-O 11. Qd3 Qa5 12. Bxf6 Bxf6 13. Nd4 Rac8 14. Kh1
a6 15. f4 b5 16. Nce2 Bb7 17. a3 Rfd8 18. c3 Qa4 19. Qe3 Qc4 20. e5 dxe5 21. fxe5
Qd5 22. Nf3 Qxd1 23. Rxd1 Rxd1+ 24. Neg1 Be7 25. b4 Bxf3 26. gxf3 Rcd8 27. Kg2
R1d2+ 28. Kg3 h6 29. Qa7 R8d7 30. Qxa6 Rc2 31. Qxb5 Rdd2 32. Qe8+ Bf8 33. Kf4
Rg2 34. b5 Rxg1 35. Ke4 Rd1 36. a4 Re2+ 37. Kf4 Rg1 38. h4 g5+ 0-1

[Event "Polfinal Mistrzostw Polski Kobiet"]
[Site "Karpacz"]
[Date "1899-12-30"]
[Round "4.6"]
[White "Salamon, Julia"]
[Black "Waszczuk, Patrycja"]
[Result "0-1"]
[WhiteTitle "k"]
[BlackTitle "WFM"]
[WhiteElo "1907"]
[BlackElo "2180"]

1. d4 d6 2. c4 Nf6 3. Nc3 g6 4. e4 Bg7 5. Nf3 O-O 6. Be2 Nbd7 7. O-O e5 8. Be3
c6 9. Qc2 Qe7 10. Rad1 Re8 11. dxe5 dxe5 12. a3 Ng4 13. Bg5 f6 14. Bc1 Nf8 15.
h3 Nh6 16. b4 f5 17. Bg5 Qc7 18. exf5 Bxf5 19. Bd3 Qf7 20. Ne4 Bxe4 21. Bxe4 Nf5
22. Rd2 Ne6 23. Bxf5 gxf5 24. Rfd1 e4 25. Rd7 Qg6 26. Ne1 Qxg5 27. Rxb7 Nd4 28.
Qa2 Rad8 29. c5+ Kh8 30. Qf7 Rf8 31. Qe7 Qxe7 32. Rxe7 Ne2+ 33. Kf1 Rxd1 34. Kxe2
Rfd8 35. Re8+ Rxe8 36. Kxd1 Rd8+ 37. Kc2 Bd4 38. f3 Bf2 0-1

[Event "Polfinal Mistrzostw Polski Kobiet"]
[Site "Karpacz"]
[Date "1899-12-30"]
[Round "4.7"]
[White "Dmochowska, Agnieszka"]
[Black "Barchuk, Irina"]
[Result "0-1"]
[WhiteTitle "WFM"]
[BlackTitle "WFM"]
[WhiteElo "2039"]
[BlackElo "2107"]

1. d4 Nf6 2. c4 e6 3. Nc3 Bb4 4. e3 O-O 5. Bd3 d5 6. a3 Bxc3+ 7. bxc3 c5 8. Ne2
Nc6 9. O-O dxc4 10. Bxc4 Na5 11. Bd3 c4 12. Bc2 Bd7 13. Rb1 Bc6 14. f3 Nd5 15.
e4 Nb6 16. Ng3 Qd7 17. e5 Ba4 18. Ne4 Bxc2 19. Qxc2 Nd5 20. f4 Nb3 21. Rf3 Kh8
22. Nd6 b5 23. f5 exf5 24. Rxf5 a6 25. Rh5 g6 26. Rh3 f6 27. Qe4 Qe6 28. Bh6 Rfd8
29. Qh4 Rd7 30. Re1 fxe5 31. dxe5 Nc5 32. Ne4 Nd3 33. Rxd3 cxd3 34. Nc5 Qe7 35.
Qd4 Rdd8 36. Nxd3 Rac8 37. e6+ Nf6 38. Qe3 Rxc3 39. Bg5 Rcxd3 40. Qe5 Kg7 41.
Rf1 Rf8 42. Qf4 Qxe6 43. Bh6+ Kf7 44. Bxf8 Qb6+ 45. Kh1 Kxf8 46. g4 Qc6+ 47. Kg1
Qc5+ 48. Kh1 Qc6+ 49. Kg1 Kg7 50. g5 Qc5+ 51. Kh1 Qd5+ 52. Kg1 Nd7 53. Qc1 Qc5+
0-1

[Event "Polfinal Mistrzostw Polski Kobiet"]
[Site "Karpacz"]
[Date "1899-12-30"]
[Round "4.8"]
[White "Matskevich, Varvara"]
[Black "Stochnialek, Dominika"]
[Result "1-0"]
[WhiteTitle "I++"]
[BlackTitle "I++"]
[WhiteElo "1864"]
[BlackElo "1814"]

1. e4 e6 2. d4 d5 3. Nc3 Nf6 4. e5 Nfd7 5. Nce2 c5 6. c3 Nc6 7. Nf3 Be7 8. h4 f6
9. Nf4 Nf8 10. exf6 gxf6 11. Bb5 Qb6 12. Qe2 c4 13. Ba4 Bd7 14. O-O O-O-O 15.
Nxd5 exd5 16. Bxc6 Qxc6 17. Qxe7 Bg4 18. Nh2 Rg8 19. Bg5 Bh3 20. gxh3 fxg5 21.
Ng4 gxh4 22. Kh1 Ng6 23. Qg5 Qd7 24. f4 Rdf8 25. f5 Ne7 26. Qxh4 Nxf5 27. Qe1
Qd6 28. Rg1 Re8 29. Qf2 Rgf8 30. Rae1 Rxe1 31. Qxe1 Qf4 32. Qe6+ Kb8 33. Qe5+
Nd6 34. Qxd5 Kc7 35. Qc5+ Kb8 36. Qe5 Qf3+ 37. Kh2 Rd8 38. Rg3 Qf1 39. Qf6 Qe2+
40. Rg2 Qe8 41. Ne5 Kc8 42. Qh6 Qf8 43. Qe6+ Kc7 44. Qg4 Qf1 45. Qh4 Nf5 46. Rf2
Nxh4 47. Rxf1 b5 48. Rf7+ Kb6 49. Rf4 Ng6 50. Rf6+ Kc7 51. Nxg6 hxg6 52. Rxg6
Re8 53. h4 a5 54. h5 b4 55. h6 Re2+ 56. Kh3 bxc3 57. bxc3 Re3+ 58. Kg4 Re1 59.
Kg5 1-0

[Event "Polfinal Mistrzostw Polski Kobiet"]
[Site "Karpacz"]
[Date "1899-12-30"]
[Round "5.1"]
[White "Jarocka, Liwia"]
[Black "Kubicka, Anna"]
[Result "1-0"]
[WhiteTitle "FM"]
[BlackTitle "WIM"]
[WhiteElo "2169"]
[BlackElo "2284"]

1. d4 Nf6 2. Bg5 e6 3. e4 h6 4. Bxf6 Qxf6 5. Nc3 Bb4 6. Qd3 d6 7. Nge2 O-O 8. f4
e5 9. O-O-O Bxc3 10. Qxc3 Bg4 11. fxe5 dxe5 12. h3 Bxe2 13. Bxe2 Nc6 14. d5 Nd4
15. Qd2 c6 16. Bc4 b5 17. Bd3 cxd5 18. exd5 Rac8 19. Kb1 b4 20. Qxb4 Rb8 21. Qa4
e4 22. c3 exd3 23. Qxd4 Qxd4 24. cxd4 Rfd8 25. Rxd3 Rxd5 26. Rc1 Rbd8 27. Rc4
Kf8 28. b4 Rg5 29. Rd2 Ke7 30. Kb2 Rg3 31. a4 Kd6 32. b5 Rd7 33. Rc3 Rxc3 34.
Kxc3 Kd5 35. Kd3 Rc7 36. Rf2 f6 37. Rf1 Rc8 38. a5 Rc7 39. Rf5+ Kd6 40. b6 axb6
41. axb6 Rb7 42. Rb5 g6 43. Kc4 h5 44. Rd5+ Ke6 45. Rb5 Kd6 46. Rb2 Kc6 47. d5+
Kd6 48. Kb5 Kxd5 49. Ka6 Rb8 50. b7 Ke4 51. Rf2 Rf8 52. Ka7 f5 53. h4 f4 54. b8=Q
Rxb8 55. Kxb8 Kf5 56. g3 Kg4 57. Rxf4+ Kxg3 58. Rc4 1-0

[Event "Polfinal Mistrzostw Polski Kobiet"]
[Site "Karpacz"]
[Date "1899-12-30"]
[Round "5.2"]
[White "Waszczuk, Patrycja"]
[Black "Zabrzanska, Weronika"]
[Result "1-0"]
[WhiteTitle "WFM"]
[BlackTitle "WFM"]
[WhiteElo "2180"]
[BlackElo "1976"]

1. e4 e5 2. Nc3 Nc6 3. g3 Nf6 4. Bg2 Bc5 5. Nge2 Nd4 6. Nxd4 Bxd4 7. O-O d6 8.
Ne2 Bb6 9. a4 a5 10. d4 O-O 11. c3 Qe7 12. Qd3 Bg4 13. f3 Bh5 14. Kh1 Bg6 15.
Bg5 Rad8 16. d5 Rfe8 17. Rae1 Qd7 18. b3 Rc8 19. Bxf6 gxf6 20. g4 c6 21. c4 h5
22. gxh5 Bxh5 23. f4 Kf8 24. fxe5 fxe5 25. Qd2 Qg4 26. Ng3 Ke7 27. Qh6 Rh8 28.
Qf6+ Kd7 29. Nf5 Rce8 30. dxc6+ bxc6 31. Qxd6+ Kc8 32. Qxc6+ Bc7 33. Nd6+ Kd8
34. Nxe8 Rxe8 35. Rd1+ Qxd1 36. Rxd1+ Bxd1 37. Qd5+ Ke7 38. Qxd1 Rd8 39. Qh5 Rd3
40. Qg5+ Ke8 41. h4 Bd8 42. Qxe5+ Kf8 43. h5 f6 44. Qf5 Kg7 45. e5 Rd1+ 46. Bf1
Rc1 47. Qd7+ 1-0

[Event "Polfinal Mistrzostw Polski Kobiet"]
[Site "Karpacz"]
[Date "1899-12-30"]
[Round "5.3"]
[White "Sliwicka, Alicja"]
[Black "Kulon, Klaudia"]
[Result "1-0"]
[WhiteTitle "WIM"]
[BlackTitle "IM"]
[WhiteElo "2306"]
[BlackElo "2321"]

1. e4 e5 2. Nf3 Nc6 3. Bb5 Nf6 4. O-O Nxe4 5. Re1 Nd6 6. Nxe5 Be7 7. Bf1 Nxe5 8.
Rxe5 O-O 9. d4 Bf6 10. Re2 b6 11. Re1 Re8 12. Bf4 Re6 13. Nc3 Bb7 14. Qd2 Ne4
15. Nxe4 Rxe4 16. c3 d6 17. Bd3 Rxe1+ 18. Rxe1 Qd7 19. Qe2 Bc6 20. d5 Re8 21.
Qxe8+ Qxe8 22. Rxe8+ Bxe8 23. g4 g6 24. Kg2 Kf8 25. Bd2 Ke7 26. f4 Bd7 27. Kf3
Bg7 28. h4 f5 29. g5 Be8 30. Ba6 c6 31. dxc6 Bxc6+ 32. Ke2 Be4 33. Be3 Bc6 34.
Kd2 Kd7 35. Bd3 d5 36. h5 Ke6 37. h6 Bf8 38. b3 Bd6 39. Ba6 Kd7 40. a4 Bc7 41.
Kc2 Bb8 42. Be2 Bc7 43. Bh5 d4 44. cxd4 gxh5 45. g6 Bd8 46. d5 Bxd5 47. gxh7 Bf6
48. Kd3 Bf7 49. Bd4 Bg6 50. Bxf6 Bxh7 51. Kc4 Kc6 52. b4 Bg8+ 53. Kd4 Kd6 54.
Bh4 Ke6 55. Kc4 a6 56. b5 Kd6+ 57. Kd4 axb5 58. axb5 Ke6 59. Bg5 Kd6 60. Bd8 Ke6
61. Bh4 Kd6 62. Bf2 Ke6 63. Kd3 Kf6 64. Bxb6 Kg6 65. Bd8 Kxh6 66. Kd4 Be6 67.
b6 Bc8 68. Kd5 Kg6 69. Kc6 Kf7 70. b7 Bxb7+ 71. Kxb7 Ke8 72. Kc7 1-0

[Event "Polfinal Mistrzostw Polski Kobiet"]
[Site "Karpacz"]
[Date "1899-12-30"]
[Round "5.4"]
[White "Siekanska, Maria"]
[Black "Dwilewicz, Katarzyna"]
[Result "1/2-1/2"]
[WhiteTitle "WFM"]
[BlackTitle "WFM"]
[WhiteElo "2126"]
[BlackElo "2112"]

1. d4 d5 2. Nf3 Nf6 3. g3 e6 4. Bg2 b5 5. a4 b4 6. O-O Be7 7. c4 bxc3 8. bxc3 Ba6
9. Ne5 Nfd7 10. c4 Nxe5 11. cxd5 exd5 12. dxe5 c6 13. Bb2 O-O 14. Nd2 Nd7 15.
Nf3 Bc5 16. Qc2 Qe7 17. Bh3 Nb6 18. Bf5 g6 19. Bd3 Nc4 20. Nd2 Nxd2 21. Bxa6 Nxf1
22. Rxf1 Rab8 23. Ba1 Bb4 24. e4 Qc5 25. Qd3 Rbd8 26. exd5 Qxd5 27. Qe2 Be7 28.
h4 Qd2 29. Qf3 Qd5 30. Qf4 Qe6 31. Bc4 Qf5 32. Qe3 Qg4 33. Qb3 Qf5 34. Qb7 Rfe8
35. Qxc6 Rc8 36. Qa6 Bc5 37. e6 Kf8 38. exf7 Re1 39. Bd4 Rxf1+ 40. Kxf1 Bxd4 41.
Qd6+ Kg7 42. Qxd4+ Qf6 43. Qe4 Kf8 44. Bd5 a5 45. h5 Rd8 46. h6 Qa1+ 47. Kg2 Qf6
48. Be6 Rd6 49. Bb3 Rd8 50. Qe1 Qc6+ 51. Kg1 Qc5 52. Qa1 Qd4 53. Qe1 Qc5 54. Kg2
Qc6+ 55. Kh2 Qc5 56. Qe2 Qh5+ 57. Qxh5 gxh5 58. Bc2 Kxf7 59. Bxh7 Rh8 60. Be4
Rxh6 61. Kh3 Rd6 62. f4 Rd4 63. Bc6 Kg6 64. Be8+ Kh6 65. Bc6 Rd2 66. g4 hxg4+
67. Kxg4 Kg6 68. Kf3 Rd4 69. Ke3 Rb4 70. Be8+ Kf6 71. Bd7 Ke7 72. Bc6 Kd6 73.
Be8 Kd5 74. Kf3 Ke6 75. Kg4 Kf6 76. Bc6 Rd4 77. Bb5 Rb4 78. Bc6 Rb1 79. Bd7 Rg1+
80. Kf3 Rf1+ 81. Kg4 Rf2 82. Bc6 Rc2 83. Bd7 Rc3 84. Bb5 Re3 1/2-1/2

[Event "Polfinal Mistrzostw Polski Kobiet"]
[Site "Karpacz"]
[Date "1899-12-30"]
[Round "5.5"]
[White "Barchuk, Irina"]
[Black "Zapalowska, Wiktoria"]
[Result "1-0"]
[WhiteTitle "WFM"]
[BlackTitle "I++"]
[WhiteElo "2107"]
[BlackElo "1684"]

1. e4 c6 2. Nc3 d5 3. Nf3 Bg4 4. h3 Bxf3 5. Qxf3 e6 6. Be2 Bc5 7. O-O Nd7 8. Na4
dxe4 9. Qxe4 Ngf6 10. Qf3 Bd6 11. d4 O-O 12. Rd1 Qc7 13. c4 b6 14. Be3 c5 15.
Nc3 a6 16. Ne4 Nxe4 17. Qxe4 Nf6 18. Qh4 cxd4 19. Bxd4 Be5 20. Be3 Rfd8 21. Bd3
Rab8 22. Rab1 Rd7 23. f4 Bd6 24. b4 Be7 25. Qf2 Qd8 26. Qe2 g6 27. a3 a5 28. Bc2
axb4 29. axb4 Rxd1+ 30. Rxd1 Qc7 31. Bd4 Nd7 32. Ba4 Rd8 33. Bc3 Qa7 34. Rxd7
Rxd7 35. Qe5 1-0

[Event "Polfinal Mistrzostw Polski Kobiet"]
[Site "Karpacz"]
[Date "1899-12-30"]
[Round "5.6"]
[White "Ejsymont, Blanka"]
[Black "Trybus, Dominika"]
[Result "0-1"]
[WhiteTitle "I++"]
[BlackTitle "I++"]
[WhiteElo "1634"]
[BlackElo "1450"]

1. d4 Nf6 2. c4 g6 3. Nc3 Bg7 4. e4 d6 5. Bd3 c6 6. Nge2 Qc7 7. h3 O-O 8. O-O Nbd7
9. Be3 e5 10. d5 Nc5 11. Bc2 a5 12. Rb1 Ne8 13. a3 f5 14. exf5 Bxf5 15. Ng3 Bxc2
16. Qxc2 Qe7 17. b4 axb4 18. axb4 Nd7 19. Nge4 Ndf6 20. Bg5 Qf7 21. Bxf6 Bxf6
22. Ra1 Rc8 23. Qd3 Bd8 24. Ra2 Bb6 25. Qe2 Bd4 26. Ng5 Qe7 27. Nce4 cxd5 28.
cxd5 Nc7 29. Qd3 Rf5 30. Nf3 Bb6 31. Rc1 Rcf8 32. h4 Rf4 33. Rac2 Na6 34. Rc4
h6 35. Qc2 Rxf3 36. gxf3 Rxf3 37. Qe2 Rf4 38. Kf1 Qxh4 39. Ke1 Bd4 40. Rc8+ Kg7
41. Ng3 Bxf2+ 42. Qxf2 Rxf2 43. Kxf2 Qd4+ 44. Kg2 Qxd5+ 45. Kh2 Qd2+ 46. Kh3 Qxb4
47. Rf1 d5 48. Rc2 Nc5 49. Rg2 g5 50. Nf5+ Kh7 51. Rg4 Ne4 52. Ng3 Qc3 53. Kg2
Qd2+ 54. Kg1 Qe3+ 55. Kg2 Nxg3 56. Rxg3 Qe4+ 57. Kg1 g4 58. Rg2 d4 59. Rgf2 Kg6
60. Rf6+ Kg5 61. R6f2 h5 62. Rg2 h4 63. Rgf2 Qe3 64. Kh1 Qh3+ 65. Kg1 g3 66. Rg2
Qg4 67. Kh1 h3 68. Rxg3 Qxg3 69. Rf5+ Kh6 70. Rh5+ Kg6 71. Rh6+ Kf5 72. Rf6+ Ke4
73. Rf2 Qf3+ 74. Kg1 Qxf2+ 75. Kxf2 d3 76. Kf1 Kf3 77. Ke1 h2 78. Kd2 e4 79. Kc3
h1=Q 80. Kd4 Qh8+ 81. Kc4 d2 82. Kb4 d1=Q 83. Kc5 Qc8+ 84. Kb6 Qb3+ 85. Ka7 Qa4+
86. Kb6 Qcc6# 0-1

[Event "Polfinal Mistrzostw Polski Kobiet"]
[Site "Karpacz"]
[Date "1899-12-30"]
[Round "5.7"]
[White "Matskevich, Varvara"]
[Black "Smietanska, Wiktoria"]
[Result "0-1"]
[WhiteTitle "I++"]
[BlackTitle "CM"]
[WhiteElo "1864"]
[BlackElo "1901"]

1. d4 d5 2. c4 e6 3. Nc3 Bb4 4. Qa4+ Nc6 5. Nf3 dxc4 6. Bg5 Nge7 7. e3 Bd7 8. Qc2
b5 9. Be2 h6 10. Bh4 O-O 11. O-O a6 12. Rad1 Qc8 13. e4 Ng6 14. Bg3 Bd6 15. e5
Nb4 16. Qe4 Be7 17. Qg4 Nd5 18. h4 Rd8 19. h5 Nxc3 20. bxc3 Nf8 21. Nd2 c5 22.
dxc5 Bc6 23. Bf4 Kh8 24. Be3 Nd7 25. Bd4 Bxc5 26. Ne4 Bxe4 27. Qxe4 Bxd4 28. cxd4
Ra7 29. Rb1 Nb6 30. Rfc1 Qa8 31. Qg4 Rad7 32. Rd1 Na4 33. Bf3 Qa7 34. d5 exd5
35. Rd4 Nc5 36. Rbd1 Qb7 37. Qf5 Qc6 38. g3 Ne6 39. R4d2 Ng5 40. Bg2 Qe6 41. Qxe6
Nxe6 42. f4 d4 43. f5 Nc5 44. e6 fxe6 45. fxe6 Nxe6 46. Bh3 Rd6 47. Re2 Ng5 48.
Bf5 d3 49. Re7 c3 50. Kg2 c2 51. Rde1 Nh7 52. Rf1 Nf6 53. Bxd3 Rxd3 54. Rc1 Rd2+
55. Kf3 Rc8 56. Ree1 Nd5 57. Rg1 Nb4 58. Ke3 Rcd8 59. g4 Rd1 60. Ke2 Rxg1 0-1

[Event "Polfinal Mistrzostw Polski Kobiet"]
[Site "Karpacz"]
[Date "1899-12-30"]
[Round "5.8"]
[White "Stochnialek, Dominika"]
[Black "Dmochowska, Agnieszka"]
[Result "1-0"]
[WhiteTitle "I++"]
[BlackTitle "WFM"]
[WhiteElo "1814"]
[BlackElo "2039"]

1. e4 c5 2. Nf3 Nc6 3. Bb5 g6 4. O-O Bg7 5. Re1 e5 6. Bxc6 dxc6 7. d3 Qe7 8. Be3
Nh6 9. h3 O-O 10. Qd2 f5 11. Bxh6 f4 12. Bxg7 Kxg7 13. Qc3 Kf6 14. Nbd2 Re8 15.
Nc4 Qc7 16. a4 a5 17. Rad1 g5 18. Qd2 h5 19. c3 b5 20. Ncxe5 Rxe5 21. Nxe5 Qxe5
22. d4 cxd4 23. cxd4 Qe8 24. axb5 cxb5 25. e5+ Kg7 26. d5 Ra6 27. e6 Rd6 28. Qd4+
Kg6 29. Qe4+ Kh6 30. Qe5 Rd8 31. Qf6+ Kh7 32. d6 Bb7 33. d7 1-0

[Event "Polfinal Mistrzostw Polski Kobiet"]
[Site "Karpacz"]
[Date "1899-12-30"]
[Round "6.1"]
[White "Waszczuk, Patrycja"]
[Black "Jarocka, Liwia"]
[Result "1/2-1/2"]
[WhiteTitle "WFM"]
[BlackTitle "FM"]
[WhiteElo "2180"]
[BlackElo "2169"]

1. c4 c6 2. Nc3 d5 3. e3 Nf6 4. Nf3 Bg4 5. cxd5 Bxf3 6. Qxf3 cxd5 7. d4 Nc6 8.
Bd3 e6 9. Bd2 Be7 10. Qg3 g6 11. O-O O-O 12. f4 Nh5 13. Qf3 f5 14. Be1 Rc8 15.
h3 Nf6 16. Rc1 Na5 17. Bh4 Ne4 18. Bxe7 Qxe7 19. Bxe4 fxe4 20. Qg4 Nc4 21. Rfe1
Rc6 22. Qe2 Rfc8 23. Na4 Nd6 24. Rxc6 Rxc6 25. Nc3 1/2-1/2

[Event "Polfinal Mistrzostw Polski Kobiet"]
[Site "Karpacz"]
[Date "1899-12-30"]
[Round "6.2"]
[White "Kubicka, Anna"]
[Black "Sliwicka, Alicja"]
[Result "1/2-1/2"]
[WhiteTitle "WIM"]
[BlackTitle "WIM"]
[WhiteElo "2284"]
[BlackElo "2306"]

1. e4 e5 2. Nf3 Nf6 3. Nc3 Nc6 4. d4 exd4 5. Nxd4 Bb4 6. Nxc6 bxc6 7. Bd3 d5 8.
exd5 O-O 9. O-O cxd5 10. Bg5 c6 11. Qf3 h6 12. Bxf6 Qxf6 13. Qxf6 1/2-1/2

[Event "Polfinal Mistrzostw Polski Kobiet"]
[Site "Karpacz"]
[Date "1899-12-30"]
[Round "6.3"]
[White "Barchuk, Irina"]
[Black "Siekanska, Maria"]
[Result "0-1"]
[WhiteTitle "WFM"]
[BlackTitle "WFM"]
[WhiteElo "2107"]
[BlackElo "2126"]

1. e4 c5 2. Nf3 d6 3. d4 cxd4 4. Nxd4 Nf6 5. Nc3 a6 6. Be3 e6 7. Qd2 b5 8. f3 b4
9. Nce2 e5 10. Nb3 Be6 11. Qxb4 d5 12. Bc5 Bxc5 13. Nxc5 O-O 14. O-O-O Nc6 15.
Qa3 d4 16. Nxe6 fxe6 17. Kb1 Qc7 18. Nc1 Rfc8 19. Bc4 Nd8 20. Bb3 a5 21. Ba4 Nb7
22. Nd3 Nd6 23. Nxe5 Ndxe4 24. Nc6 Nf2 25. Nxd4 Nxd1 26. Rxd1 Qxh2 27. g4 Rd8
28. c3 Qd6 29. Qb3 Kh8 30. g5 Nh5 31. Qb7 Rab8 32. Qe4 Ng3 33. Qh4 Qb6 34. Qh2
e5 35. b4 axb4 36. c4 Rxd4 37. Qxg3 Rxd1+ 38. Bxd1 Qd4 39. Bc2 b3 40. Bxb3 Qc3
41. Qh2 Rd8 42. Bc2 g6 43. Qe2 Qd4 44. Qe4 Qg1+ 45. Kb2 Rb8+ 46. Kc3 Qxg5 47.
c5 Qe7 48. Kc4 Qe6+ 49. Kc3 Rc8 50. Kb4 Qe7 51. Qd5 Rd8 52. Qc6 Rb8+ 53. Kc3 Qd8
54. Qa4 Qd5 55. Qa7 Qd4# 56. Kxd4 0-1

[Event "Polfinal Mistrzostw Polski Kobiet"]
[Site "Karpacz"]
[Date "1899-12-30"]
[Round "6.5"]
[White "Kulon, Klaudia"]
[Black "Trybus, Dominika"]
[Result "1-0"]
[WhiteTitle "IM"]
[BlackTitle "I++"]
[WhiteElo "2321"]
[BlackElo "1450"]

1. d4 e6 2. c4 Nf6 3. Nc3 d5 4. Bg5 Be7 5. e3 O-O 6. Qc2 b6 7. cxd5 exd5 8. Bd3
h6 9. Bh4 Ba6 10. Nf3 Bxd3 11. Qxd3 Nbd7 12. O-O Re8 13. Rac1 a6 14. Ne5 Nxe5
15. dxe5 Nh7 16. Bxe7 Rxe7 17. Qxd5 Qe8 18. f4 Kh8 19. Qb3 Rc8 20. Nd5 Rd7 21.
Rc6 Nf8 22. e4 Ne6 23. Qe3 Nd8 24. Rxh6+ gxh6 25. Nf6 Qe6 26. f5 1-0

[Event "Polfinal Mistrzostw Polski Kobiet"]
[Site "Karpacz"]
[Date "1899-12-30"]
[Round "6.6"]
[White "Smietanska, Wiktoria"]
[Black "Salamon, Julia"]
[Result "1-0"]
[WhiteTitle "CM"]
[BlackTitle "k"]
[WhiteElo "1901"]
[BlackElo "1907"]

1. e4 c5 2. Nf3 e6 3. d4 cxd4 4. Nxd4 Nf6 5. Nc3 Nc6 6. Ndb5 Bb4 7. a3 Bxc3+ 8.
Nxc3 d5 9. exd5 exd5 10. Bd3 O-O 11. O-O Bg4 12. f3 Be6 13. Bg5 Qb6+ 14. Kh1 Nd7
15. f4 f6 16. Bh4 Nc5 17. b3 Rad8 18. Bf2 d4 19. Ne2 f5 20. Ng3 g6 21. Qe2 Rfe8
22. b4 Na4 23. Bc4 Kf7 24. Nxf5 gxf5 25. Qh5+ Ke7 26. Bh4+ Kd6 27. Bxd8 Qxd8 28.
Bxe6 Rxe6 29. Qxf5 h6 30. Qb5 Nb6 31. Qc5+ Kd7 32. b5 Ne7 33. Rad1 Qg8 34. Rxd4+
Ke8 35. Rd3 Re3 36. Qh5+ Qf7 1-0

[Event "Polfinal Mistrzostw Polski Kobiet"]
[Site "Karpacz"]
[Date "1899-12-30"]
[Round "6.7"]
[White "Stochnialek, Dominika"]
[Black "Ejsymont, Blanka"]
[Result "1-0"]
[WhiteTitle "I++"]
[BlackTitle "I++"]
[WhiteElo "1814"]
[BlackElo "1634"]

1. e4 e5 2. Nf3 Nc6 3. Bb5 a6 4. Ba4 Nge7 5. c3 g6 6. d4 b5 7. Bb3 Bg7 8. O-O d6
9. dxe5 dxe5 10. Qe2 Bd7 11. Rd1 Qc8 12. a4 Na5 13. Bc2 c5 14. axb5 axb5 15. Bg5
f6 16. Be3 c4 17. Qd2 Be6 18. Na3 Rb8 19. Nxb5 Rxb5 20. Ba4 Qb7 21. Bxb5+ Qxb5
22. Qd8+ Kf7 23. Qxa5 Qc6 24. Bc5 Re8 25. Nd2 Bh6 26. f3 Qb7 27. Qb4 Qc6 28. Nxc4
Bxc4 29. Qxc4+ Kg7 30. Qb4 Nc8 31. Rd5 f5 32. Rad1 fxe4 33. fxe4 Qf6 34. Qb7+
Kg8 35. Rf1 Qe6 36. Rd7 Qc4 37. Qd5+ Qxd5 38. Rxd5 Bg7 39. Rd7 Bh8 40. b4 h5 41.
b5 g5 42. Rf5 Ne7 43. Bxe7 Bg7 44. Rd8 Rxd8 45. Bxd8 g4 46. b6 g3 47. b7 h4 48.
b8=Q gxh2+ 49. Kxh2 h3 50. Bf6+ Kh7 51. Bxg7 hxg2 52. Qh8+ Kg6 53. Qh6# 1-0

[Event "Polfinal Mistrzostw Polski Kobiet"]
[Site "Karpacz"]
[Date "1899-12-30"]
[Round "6.8"]
[White "Zapalowska, Wiktoria"]
[Black "Dmochowska, Agnieszka"]
[Result "0-1"]
[WhiteTitle "I++"]
[BlackTitle "WFM"]
[WhiteElo "1684"]
[BlackElo "2039"]

1. e4 c5 2. Nf3 Nc6 3. Bb5 e6 4. Bxc6 bxc6 5. O-O d6 6. d3 e5 7. h3 Be7 8. Nc3
Nf6 9. Nd2 Qc7 10. b3 O-O 11. Nc4 d5 12. Nb2 Ba6 13. Qe2 Rae8 14. Re1 Bb7 15.
a4 a5 16. Bd2 Nd7 17. Qf3 Qd6 18. Ne2 f5 19. exf5 Bf6 20. Qg3 Bd8 21. d4 Rxf5
22. dxe5 Nxe5 23. Nd3 Qf8 24. Nxe5 Rexe5 25. f4 Re6 26. Nc3 Rg6 27. Qf2 Rh5 28.
Qf3 Rf5 29. Rf1 Ba6 30. Rfe1 Bh4 31. Ne2 Bxe1 32. Rxe1 Re6 33. g4 Rfe5 34. c4
dxc4 35. Kf2 Re4 36. f5 Re8 37. Bxa5 c3 38. Bxc3 Rxe2+ 39. Rxe2 Rxe2+ 40. Kg3
Qd6+ 0-1

[Event "Polfinal Mistrzostw Polski Kobiet"]
[Site "Karpacz"]
[Date "1899-12-30"]
[Round "7.1"]
[White "Jarocka, Liwia"]
[Black "Dwilewicz, Katarzyna"]
[Result "1-0"]
[WhiteTitle "FM"]
[BlackTitle "WFM"]
[WhiteElo "2169"]
[BlackElo "2112"]

1. d4 Nf6 2. c4 e6 3. Nf3 d5 4. Nc3 dxc4 5. e4 b5 6. e5 Nd5 7. Nxb5 Nb6 8. Be2
Be7 9. O-O Nc6 10. Be3 O-O 11. Qc1 Ba6 12. Nc3 Nb4 13. Rd1 Rb8 14. Rb1 N6d5 15.
Nxd5 exd5 16. a3 Nc6 17. b3 Na5 18. Nd2 c3 19. Bxa6 cxd2 20. Qxd2 c6 21. b4 Rb6
22. Bd3 Nb7 23. a4 a5 24. bxa5 Rxb1 25. Rxb1 Nxa5 26. Qc2 g6 27. f4 Kh8 28. f5
gxf5 29. Qf2 Bg5 30. Bxg5 Qxg5 31. Qxf5 Qxf5 32. Bxf5 Ra8 33. Bd3 Kg7 34. Kf2
h6 35. Rb6 f6 36. exf6+ Kxf6 37. Bb5 Kg5 38. Bd3 h5 39. Ke3 h4 40. Kd2 Kf4 41.
Ra6 Rxa6 42. Bxa6 c5 43. dxc5 Nb3+ 44. Ke2 Nxc5 45. Bb5 Nb3 46. Kd3 h3 47. g3+
Ke5 48. Kc3 Nd4 49. Bf1 Nf3 50. Bxh3 Nxh2 51. Bg2 Ng4 52. a5 d4+ 53. Kd3 Nf2+
54. Ke2 Kd6 55. Kxf2 Kc5 56. Bf1 1-0